Modus operandi : (Record no. 7946)
[ view plain ]
| 000 -LEADER | |
|---|---|
| fixed length control field | 00786nam a2200229 4500 |
| 008 - FIXED-LENGTH DATA ELEMENTS--GENERAL INFORMATION | |
| fixed length control field | 171207b xxu||||| |||| 00| 0 eng d |
| 020 ## - INTERNATIONAL STANDARD BOOK NUMBER | |
| International Standard Book Number | 9780898796490 |
| 082 ## - DEWEY DECIMAL CLASSIFICATION NUMBER | |
| Edition number | 1995 |
| Classification number | DC 364.1 |
| Item number | B62b |
| 100 ## - MAIN ENTRY--PERSONAL NAME | |
| 9 (RLIN) | 24408 |
| Personal name | Corvasce, Mauro V., author. |
| 245 ## - TITLE STATEMENT | |
| Title | Modus operandi : |
| Remainder of title | a writer's guide to how criminals work / |
| Statement of responsibility, etc. | Mauro V. Corvasce, Joseph R. Paglino. |
| 250 ## - EDITION STATEMENT | |
| Edition statement | First edition |
| 260 ## - PUBLICATION, DISTRIBUTION, ETC. (IMPRINT) | |
| Place of publication, distribution, etc. | Cincinnati, OH : |
| Name of publisher, distributor, etc. | Writer's Digest Books, |
| Date of publication, distribution, etc. | ©1995. |
| 300 ## - PHYSICAL DESCRIPTION | |
| Extent | 217 pages ; |
| Dimensions | 23 cm. |
| 500 ## - GENERAL NOTE | |
| General note | Includes index. |
| 650 #0 - SUBJECT ADDED ENTRY--TOPICAL TERM | |
| 9 (RLIN) | 24411 |
| Topical term or geographic name as entry element | Crime writing |
| 650 #0 - SUBJECT ADDED ENTRY--TOPICAL TERM | |
| 9 (RLIN) | 24412 |
| Topical term or geographic name as entry element | Crime |
| General subdivision | Research |
| 650 #0 - SUBJECT ADDED ENTRY--TOPICAL TERM | |
| 9 (RLIN) | 24415 |
| Topical term or geographic name as entry element | Crime |
| General subdivision | Criminal Psychology |
| 650 #0 - SUBJECT ADDED ENTRY--TOPICAL TERM | |
| 9 (RLIN) | 24416 |
| Topical term or geographic name as entry element | Criminals |
| 650 #0 - SUBJECT ADDED ENTRY--TOPICAL TERM | |
| 9 (RLIN) | 24418 |
| Topical term or geographic name as entry element | Forensic Sciences |
| 700 ## - ADDED ENTRY--PERSONAL NAME | |
| 9 (RLIN) | 24421 |
| Personal name | Paglino, Joseph R., author. |
| 942 ## - ADDED ENTRY ELEMENTS (KOHA) | |
| Source of classification or shelving scheme | Dewey Decimal Classification |
| Koha item type | Circulation |
| Withdrawn status | Lost status | Source of classification or shelving scheme | Damaged status | Not for loan | Collection code | Home library | Current library | Date acquired | Source of acquisition | Total Checkouts | Full call number | Barcode | Date last seen | Copy number | Price effective from | Koha item type |
|---|---|---|---|---|---|---|---|---|---|---|---|---|---|---|---|---|
| Dewey Decimal Classification | Circulation | UM Digos College - LIC | UM Digos College - LIC | Photocopied | DC 364.1 B62b 1995 | 19667 | 06/08/2021 | 12/07/2017 | Circulation |
